[Event "HUN-chT2 Breyer 1516"]
[Site "Hungary"]
[Date "2015.11.08"]
[Round "4.8"]
[White "Nagy, Miklos"]
[Black "Banszegi, Attila"]
[Result "0-1"]
[WhiteElo "1853"]
[BlackElo "2029"]
[PlyCount "80"]
[EventDate "2015.09.13"]
[EventType "team-tourn"]
[EventRounds "11"]
[EventCountry "HUN"]
[SourceTitle "CBM 170 Extra"]
[Source "ChessBase"]
[SourceDate "2016.02.25"]
[SourceVersion "1"]
[SourceVersionDate "2016.02.25"]
[SourceQuality "1"]
[WhiteTeam "Szazhalombatta"]
[BlackTeam "Kisber Aszar"]
[WhiteTeamCountry "HUN"]
[BlackTeamCountry "HUN"]

1. e4 e6 2. d4 d5 3. e5 c5 4. c3 Nc6 5. Nf3 Nge7 6. Bd3 cxd4 7. 0-0 dxc3 8. Nxc3 a6 9. Re1 Ng6 10. Bg5 Qc7 11. Rc1 Bb4 12. a3 Bxc3 13. Rxc3 Bd7 14. h4 h6 15. Be3 Qd8 16. Bxg6 fxg6 17. Bc5 Ne7 18. Bxe7 Qxe7 19. Qc2 Qf7 20. Rc7 Rb8 21. Qc5 b6 22. Qd6 Rd8 23. Qxb6 0-0 24. Qxa6 g5 25. Qe2 Qg6 26. hxg5 hxg5 27. Nh2 Rf7 28. Ng4 Bb5 29. Qc2 Bd3 30. Qc5 Rf4 31. f3 Bf5 32. Nf2 g4 33. fxg4 Bxg4 34. Qc2 Bf5 35. Qd2 Rh4 36. Rec1 Qg3 37. Kf1 Rf8 38. R1c3 Rh1+ 39. Ke2 Bd3+ 40. Nxd3 Qxg2+ 0-1

[Event "HUN-chT2 Barcza 1011"]
[Site "Hungary"]
[Date "2010.09.12"]
[Round "1.12"]
[White "Kucsa, Andras"]
[Black "Nagy, Miklos"]
[Result "1/2-1/2"]
[WhiteElo "1995"]
[BlackElo "2030"]
[PlyCount "81"]
[EventDate "2010.09.12"]
[EventType "team-tourn"]
[EventRounds "11"]
[EventCountry "HUN"]
[SourceTitle "EXT 2012"]
[Source "ChessBase"]
[SourceDate "2011.11.24"]
[SourceVersion "1"]
[SourceVersionDate "2011.11.24"]
[SourceQuality "1"]
[WhiteTeam "Piremon"]
[BlackTeam "Balkany"]
[WhiteTeamCountry "HUN"]
[BlackTeamCountry "HUN"]

1. d4 Nf6 2. c4 e6 3. Nf3 b6 4. Nc3 Bb4 5. a3 Bxc3+ 6. bxc3 d5 7. a4 dxc4 8. Ba3 Bb7 9. e3 Nbd7 10. Bxc4 c5 11. 0-0 0-0 12. Qe2 Rc8 13. Rfd1 Re8 14. Rac1 Qc7 15. Ng5 h6 16. Nf3 Qb8 17. Rd2 Ne4 18. Rdc2 Nef6 19. Nd2 Qa8 20. f3 Qb8 21. e4 Qf4 22. Bb5 Red8 23. e5 Nd5 24. Nb3 Ne3 25. Rd2 c4 26. Na1 a6 27. Bxd7 Rxd7 28. Re1 Nd5 29. Rc2 Qg5 30. Bc1 Qg6 31. Qe4 Qxe4 32. fxe4 Ne7 33. Ra2 Ng6 34. Nc2 Rdc7 35. Rb2 Bc6 36. Ra2 b5 37. axb5 axb5 38. Nb4 Ne7 39. Bb2 Be8 40. d5 Ng6 41. Bc1 1/2-1/2

[Event "HUN-chT2 Asztalos 0607"]
[Site "Hungary"]
[Date "2006.12.03"]
[Round "3"]
[White "Horvath, Janos"]
[Black "Nagy, Miklos"]
[Result "1-0"]
[WhiteElo "2097"]
[BlackElo "2099"]
[PlyCount "120"]
[EventDate "2006.11.12"]
[EventType "team"]
[EventRounds "11"]
[EventCountry "HUN"]
[SourceTitle "EXT 2008"]
[Source "ChessBase"]
[SourceDate "2007.11.25"]
[SourceVersion "1"]
[SourceVersionDate "2007.11.25"]
[SourceQuality "1"]
[WhiteTeam "Szenna Pack II"]
[BlackTeam "OK Travel"]
[WhiteTeamCountry "HUN"]
[BlackTeamCountry "HUN"]

1. e4 f5 2. exf5 Kf7 3. d4 g6 4. Nf3 Nf6 5. fxg6+ Kg7 6. Ne5 hxg6 7. Bd3 d6 8. Nxg6 Nc6 9. Nxh8 Kxh8 10. Be3 e5 11. dxe5 Nxe5 12. Nc3 Bg4 13. Qd2 Bf3 14. Kf1 Qd7 15. Rg1 Bc6 16. Bg5 Nfg4 17. Qf4 Nxd3 18. cxd3 Bg7 19. Qg3 Rf8 20. Be3 Qf5 21. Rd1 Be5 22. Qh4+ Kg8 23. Ke2 Bg7 24. h3 Ne5 25. Rd2 Ng6 26. Qg5 Qe6 27. Kd1 b5 28. a3 a5 29. Re1 b4 30. axb4 axb4 31. Nb5 Rf5 32. Qd8+ Rf8 33. Qg5 Qb3+ 34. Ke2 Qf7 35. Nd4 Bf6 36. Qf5 Bd7 37. Qa5 Nh4 38. Kd1 c5 39. Nf3 Nxf3 40. gxf3 Bc6 41. Rg1+ Kh8 42. Qb6 Ba4+ 43. Ke1 Qe6 44. Rg3 Bh4 45. Rg4 Bd8 46. Qa7 Bd7 47. Qa6 Rxf3 48. Qc4 Rxe3+ 49. fxe3 d5 50. Rh4+ Bxh4+ 51. Qxh4+ Kg8 52. Rg2+ Kf8 53. Qd8+ Be8 54. Rf2+ Kg7 55. Qg5+ Bg6 56. h4 Qh3 57. Rg2 Kf8 58. Qxg6 Qxe3+ 59. Re2 Qc1+ 60. Kf2 Qf4+ 1-0

[Event "HUN-chT2 9899"]
[Site "Hungary"]
[Date "1999.??.??"]
[Round "?"]
[White "Nagy, Miklos"]
[Black "Banhazi, Istvan"]
[Result "1-0"]
[WhiteElo "2110"]
[BlackElo "2170"]
[PlyCount "41"]
[EventDate "1998.??.??"]
[EventType "team"]
[EventRounds "12"]
[EventCountry "HUN"]
[SourceTitle "EXT 2000"]
[Source "ChessBase"]
[SourceDate "1999.11.16"]
[SourceVersion "1"]
[SourceVersionDate "1999.11.16"]
[SourceQuality "1"]

1. e4 c5 2. c3 d5 3. exd5 Qxd5 4. d4 Nf6 5. Nf3 Bg4 6. Be2 e6 7. Na3 cxd4 8. Nb5 Qd8 9. Qxd4 Qxd4 10. Nfxd4 Na6 11. f3 Bh5 12. Bf4 Nd5 13. Be5 f6 14. Bd6 Kd7 15. Bxf8 Rhxf8 16. 0-0-0 Bg6 17. Nxe6 Rfc8 18. Nf4 Nab4 19. Nxd5 Nxa2+ 20. Kd2 Rc5 21. Ke1 1-0

[Event "HUN-chT2 9899"]
[Site "Hungary"]
[Date "1999.??.??"]
[Round "?"]
[White "Nagy, Miklos"]
[Black "Kovacs, Istvan"]
[Result "1-0"]
[WhiteElo "2110"]
[BlackElo "2245"]
[PlyCount "75"]
[EventDate "1998.??.??"]
[EventType "team"]
[EventRounds "12"]
[EventCountry "HUN"]
[SourceTitle "EXT 2000"]
[Source "ChessBase"]
[SourceDate "1999.11.16"]
[SourceVersion "1"]
[SourceVersionDate "1999.11.16"]
[SourceQuality "1"]

1. e4 c5 2. c3 d5 3. exd5 Qxd5 4. d4 Nf6 5. Be3 cxd4 6. cxd4 e6 7. Nc3 Qa5 8. Nf3 Be7 9. Bd3 Nc6 10. a3 Nd5 11. Qc1 Nxc3 12. bxc3 Bd7 13. 0-0 Rc8 14. Qb1 b6 15. Re1 h6 16. Qb2 0-0 17. Bb1 Qh5 18. Qc2 g6 19. Bf4 Rfd8 20. Qd3 Bf8 21. Ra2 Be8 22. a4 Bg7 23. Rae2 Qa5 24. Bc2 Ne7 25. Bd2 Bxa4 26. Bxa4 Qxa4 27. Ne5 Nf5 28. g4 Nd6 29. Nxg6 fxg6 30. Rxe6 g5 31. Qg6 Nf7 32. Re7 Rf8 33. h4 Rc6 34. Qf5 Rf6 35. Qe4 Qc6 36. d5 Qc5 37. Be3 Qxc3 38. Bd4 1-0

[Event "HUN-chT2 9899"]
[Site "Hungary"]
[Date "1998.??.??"]
[Round "?"]
[White "Nagy, Miklos"]
[Black "Mokcsay, Robert"]
[Result "0-1"]
[WhiteElo "2110"]
[BlackElo "2270"]
[PlyCount "78"]
[EventDate "1998.??.??"]
[EventType "team"]
[EventRounds "12"]
[EventCountry "HUN"]
[SourceTitle "EXT 2000"]
[Source "ChessBase"]
[SourceDate "1999.11.16"]
[SourceVersion "1"]
[SourceVersionDate "1999.11.16"]
[SourceQuality "1"]

1. e4 c6 2. d4 d5 3. exd5 cxd5 4. c4 Nc6 5. Nc3 Nf6 6. Nf3 Bg4 7. Be3 e6 8. Qb3 Bxf3 9. Qxb7 Na5 10. Qb5+ Nd7 11. gxf3 Rb8 12. Qa6 dxc4 13. Bxc4 Rxb2 14. 0-0 Bb4 15. Na4 Rc2 16. Bd3 Rc8 17. Rab1 Nc6 18. Bb5 Ndb8 19. Qxa7 0-0 20. Qb6 Qd6 21. Nc5 Ba5 22. Qb7 Rc7 23. Ne4 Qe7 24. Bxc6 Rxb7 25. Rxb7 Bc7 26. Rc1 Nxc6 27. Kh1 Qd7 28. Bf4 e5 29. Bxe5 Nxe5 30. dxe5 Qf5 31. Rbxc7 Qxf3+ 32. Kg1 Qxe4 33. R7c5 g6 34. R1c4 Qb1+ 35. Kg2 Qxa2 36. h3 Kg7 37. Kg3 h5 38. f4 Rd8 39. Rc3 Rd2 0-1

[Event "Papp Bela Memorial"]
[Site "Budapest"]
[Date "1996.??.??"]
[Round "9"]
[White "Nagy, Miklos"]
[Black "Meszaros, Robert"]
[Result "0-1"]
[WhiteElo "2095"]
[BlackElo "2090"]
[PlyCount "74"]
[EventDate "1996.07.??"]
[EventType "swiss"]
[EventRounds "9"]
[EventCountry "HUN"]
[SourceTitle "EXT 2004"]
[Source "ChessBase"]
[SourceDate "2003.11.25"]
[SourceVersion "1"]
[SourceVersionDate "2003.11.25"]
[SourceQuality "1"]

1. e4 e5 2. f4 exf4 3. Nf3 g5 4. Bc4 Bg7 5. 0-0 d6 6. Nc3 Bg4 7. d3 Nc6 8. Bb5 Nge7 9. g3 Qd7 10. Qe2 Bd4+ 11. Kh1 0-0-0 12. gxf4 gxf4 13. Bxf4 Ng6 14. Qd2 Bxf3+ 15. Rxf3 h5 16. Be3 Bb6 17. d4 Ba5 18. Rf5 Bxc3 19. bxc3 Qe6 20. Bd3 d5 21. e5 Rdg8 22. Rf6 Qe8 23. Raf1 Rg7 24. Qf2 Nd8 25. c4 Ne7 26. Bh6 Rgg8 27. Qf3 Qa4 28. cxd5 Qxd4 29. Bf5+ Kb8 30. Re1 Nxd5 31. Be3 Qc3 32. Qf2 Nxf6 33. Bxa7+ Ka8 34. exf6 Re8 35. Be3 Qxf6 36. Qf4 Qc6+ 37. Kg1 Rhg8+ 0-1

[Event "Papp Bela Memorial"]
[Site "Budapest"]
[Date "1996.??.??"]
[Round "5"]
[White "Prohaszka, Peter"]
[Black "Nagy, Miklos"]
[Result "0-1"]
[WhiteElo "2100"]
[BlackElo "2095"]
[PlyCount "46"]
[EventDate "1996.07.??"]
[EventType "swiss"]
[EventRounds "9"]
[EventCountry "HUN"]
[SourceTitle "EXT 2004"]
[Source "ChessBase"]
[SourceDate "2003.11.25"]
[SourceVersion "1"]
[SourceVersionDate "2003.11.25"]
[SourceQuality "1"]

1. e4 c5 2. Nf3 e6 3. d4 cxd4 4. Nxd4 Nf6 5. Nc3 Bb4 6. Bd3 Nc6 7. Nde2 d5 8. 0-0 0-0 9. Bg5 Be7 10. exd5 exd5 11. Ng3 h6 12. Bd2 d4 13. Nce4 Nd5 14. Nh5 f5 15. Neg3 f4 16. Ne2 Bg4 17. Bg6 f3 18. Neg3 Ne5 19. Bxh6 fxg2 20. Qc1 gxf1Q+ 21. Kxf1 Ne3+ 22. Kg1 gxh6 23. fxe3 Bg5 0-1